000 00331nam a2200133Ia 4500
008 220216s9999 xx 000 0 und d
100 _aBaarle B van
245 0 _aMold fouling during rubber vulcanization
260 _bRubber World
_c2004
300 _a25-29,38
650 _aCompounding
650 _aVulcanization
942 _cJS
999 _c63149
_d63149